Guess the 1970s song lyrics #65 - Statistics

General Stats
  • This quiz has been taken 32 times
  • The average score is 171 of 265
Answer Stats
Answer % Correct
a
100%
I
97%
The
97%
the
97%
He
93%
he
93%
what
93%
What
93%
be
90%
can
90%
go
90%
Who
90%
it
86%
She
86%
to
86%
To
86%
and
83%
in
83%
Is
83%
No
83%
see
83%
then
83%
can't
79%
has
79%
Where
79%
for
76%
love
76%
from
72%
had
72%
her
72%
was
72%
why
72%
As
69%
Never
69%
never
69%
say
69%
came
66%
He's
66%
his
66%
know
66%
life
66%
man
66%
Oh
66%
oh
66%
will
66%
would
66%
all
62%
at
62%
But
62%
Only
62%
believe
59%
don't
59%
him
59%
than
59%
Than
59%
away
55%
come
55%
fool
55%
made
55%
nothing
55%
think
55%
back
52%
believes
52%
If
52%
if
52%
long
52%
Now
52%
now
52%
wanted
52%
got
48%
place
48%
she's
48%
somewhere
48%
still
48%
ago
45%
gone
45%
once
45%
really
45%
seems
45%
sees
45%
smile
45%
there's
45%
always
41%
Anybody
41%
created
41%
else
41%
power
41%
twice
41%
watching
41%
apology
38%
better
38%
Better
38%
coming
38%
hard
38%
more
38%
nostalgic
38%
realize
38%
sentimental
38%
surely
38%
wise
38%
yet
38%
near
34%
return
34%
rises
34%
reason
31%
recreate
31%
tale
31%
Trying
31%
Keeps
28%
Someday
28%
musters
24%
sending
24%
mama
3%
No matching quizzes found
Score Distribution
Percent of People with Each Score
Percentile by Number Answered
Your Score History
You have not taken this quiz